00293nam a2200121Ia 4500008004100000082001800041100001800059245003700077250000800114260002400122300000800146650001700154150201s2009 xx 000 0 und d a612.015bM09S aSOOD , RAMNIK aMEDICAL LABORATORY TECHNOLOGY -1 a6TH bJAYPEEaDELHIc2009 a808 aBIOCHEMISTRY